| 000 | 02201ngm a22004577i 4500 | ||
|---|---|---|---|
| 999 |
_c176465 _d176465 |
||
| 005 | 20200224144230.0 | ||
| 008 | 200218s2017 my 109|| |||| q0| vlchi d | ||
| 024 |
_a7899900000257 _cRM25.81 |
||
| 040 |
_aPPAK _ceng _erda |
||
| 041 | 1 |
_aeng _jmay _jchi |
|
| 082 | 0 | 4 |
_223 _a791.4372 |
| 090 | 0 | 0 |
_a791.4372 _bONE _dG |
| 245 | 0 | 0 |
_aONCE UPON A TIME = _b三生三世十里桃花 / _cProduced by Beijing Ali Ying Ye , Shanghai Ruyi Ying Ye ; Director : Zhao Xiaoding ; Screenplay : Li Han ; Producer : Zhang Yibai. |
| 246 | 3 | 3 |
_aSan sheng san shi shi li tao hua = _bOnce upon a time |
| 250 | _aSpecial edition | ||
| 264 | 1 |
_aKuala Lumpur : _bThe Myth Entertainment, _c2017 |
|
| 300 |
_a1 videodisc (109 min ) : _bsound, colour ; |
||
| 336 |
_2rdacontent _3DVD _atwo-dimensional moving image _btdi |
||
| 337 |
_2rdamedia _avideo _bv |
||
| 338 |
_2rdacarrier _avideodisc _bvd |
||
| 346 |
_2rda _alaser optical |
||
| 347 |
_2rda _avideo file _bDVD video |
||
| 508 | _aProduced by Beijing Ali Ying Ye ; Shanghai Ruyi Ying Ye ; Director : Zhao Xiaoding ; Screenplay : Li Han ; Producer, Zhang Yibai. | ||
| 511 | 1 | _aCast : Liu Yifei, Yang Yang, Luo Jin, Yan Yikuan | |
| 520 | _aThree hundred years ago, the her that stood on the Zhu Xian Terrace, turned around and jumped off without regret. Caused the him that stood by the bronze mirror to witness with his own eyes her death. Three hundred years later, in the East Sea Dragon Palace, her and him meet unexpectedly. Another lifetime another world, once again facing this person that had betrayed her, she is indifferent as wind. | ||
| 521 | _aP13 (Parental Guidance 13) | ||
| 538 | _aDVD, Region all ; NTSC, Dolby digital. | ||
| 546 | _aSubtitles : Mandarin, Malay, English, Chinese. | ||
| 650 | 1 | 0 | _aFeature films |
| 650 | 2 | 0 | _aFantasy drama |
| 650 | 2 | 0 |
_aRomance fiction _vDrama |
| 700 | 1 |
_aBeijing, Ali Ying Ye, _eproducer. |
|
| 700 | 1 |
_aShanghai, Ruyi Ying Ye, _eproducer. |
|
| 700 | 1 |
_aZhao, Xiaoding, _edirector. |
|
| 700 | 1 |
_aLi, Han, _escreenwriter. |
|
| 700 | 1 |
_aLiu Yifei, _eactor. |
|
| 700 | 1 |
_aYang, Yang, _eactor. |
|
| 700 | 1 |
_aLuo, Jin, _eactor. |
|
| 700 | 1 |
_aYan, Yikuan, _eactor. |
|
| 942 |
_2ddc _cDVD |
||